000
00316nam a22001337a 4500
008
170628b xxu||||| |||| 00| 0 eng d
020
_a
9780312589974
041
_a
eng
080
_2
5 ED
_a
82
100
_a
22
101
_a
GJL
245
_a
THE INVESTIGATETIVE REPORTS HAND BOOK
_c
HOSTON.B
942
_2
udc
_c
BK
999
_c
19428
_d
19428